Modelos de telegramas destinadas a diferentes cámaras

Síntesis: machotes de telegramas que fueron enviados por un grupo de católicos a la cámara de senadores y diputados, solicitaron que apoyaran la propuesta de reforma hecha por los católicos para modificar la Constitución en materia de religión.

-д хадгалсан:
Номзүйн дэлгэрэнгүй
Формат: Ном
Нөхцлүүд:
Шошгууд: Шошго нэмэх
Шошго байхгүй, Энэхүү баримтыг шошголох эхний хүн болох!

MARC

LEADER 00000nam^a2200000^a^4500
001 000250544
005 20250526000000.0
009 20260310105814.277
035 |a R01545 
037 |a Acervo Xavier Clavigero 
082 |a 5.  |b ANO 
245 1 0 |a Modelos de telegramas destinadas a diferentes cámaras 
264 |a México, D.F. :  |b Destinatario: Cámara de Diputados y Senadores.,  |c 1926 
300 |a 1 foja, mimeografiado, 20 X 30 cms. 
336 |a texto  |b txt  |2 rdacontenido 
337 |a sin mediación  |b n  |2 rdamedio 
338 |a volumen  |b nc  |2 rdasoporte 
520 |a Síntesis: machotes de telegramas que fueron enviados por un grupo de católicos a la cámara de senadores y diputados, solicitaron que apoyaran la propuesta de reforma hecha por los católicos para modificar la Constitución en materia de religión. 
598 |a Telegrama. 
598 |a Fechas que cita el documento: 1926 Septiembre 
649 |a XX 
650 |a Administración Pública 
650 |a Constitución -  |z México 
910 |a Fondo Jesús Gómez Fregoso S.J. FXC 
920 |a Impresos - Documentos 
930 |a Libros Antiguos y Raros 
940 |a Guerra Cristera 
905 |a 110 
901 |a R01545  |b IT2  |c LRA  |i R01545  |u 20250526 
902 |a https://opac.biblio.iteso.mx/vufind/Record/000250544